Statistics for Footballers by Career - Blackburn Rovers

Click here to take the quiz!

General Stats

  • This quiz has been taken 34 times
  • The average score is 6 of 10

Answer Stats

Player% Correct
Chris Sutton
77%
Morten Gamst Pedersen
74%
Tugay Kerimoğlu
68%
Christopher Samba
65%
Colin Hendry
58%
Tim Flowers
58%
David Bentley
55%
Paul Robinson
52%
Martin Olsson
48%
Jason Roberts
45%

Score Distribution

Percentile by Number Answered

Percent of People with Each Score

Your Score History

You have not taken this quiz